000 01047cam a22002531i 4500
003 SA-RiAUC
005 20240925080709.0
008 240925s2008 ku g 000 0 ara c
040 _aEG-CaDAJ
_bara
_cSA-RiAUC
_erda
082 0 4 _a240
090 _a240
_bا ب ن ح
100 1 _aابن حفيظ، عمر بن محمد بن سالم،
_d1383 هجري-
_eمؤلف.
245 1 0 _aتوجيه النبيه لمرضاة باريه /
_cعمر بن محمد بن سالم بن حفيظ بن أبي بكر بن سالم ؛ تحقيق فهمي بن على بن عبيدون.
250 _aالطبعة الأولى.
264 1 _aالكويت :
_bدار الضياء للنشر،
_c2008
300 _a351 صفحة
336 _aنص
_btxt
_2rdacontent
_3كتاب
337 _aبدون وسيط
_bn
_2rdamedia
338 _aمجلد
_bnc
_2rdacarrier
650 7 _aالتصوف الإسلامي
_2aucsh
700 1 _aابن عبيدون، فهمي بن علي،
_d1976-
_eمحقق.
942 _2ddc
_cBOOK
_n0
949 _aSA-JeALM
_d240925
_umohamedma123
_n1
999 _c553
_d553